| 000 | 01903cam a22004097i 4500 | ||
|---|---|---|---|
| 001 | 596 | ||
| 005 | 20230620162845.0 | ||
| 008 | 161012s2016 maua b 000 1 eng | ||
| 020 | _a9780763688295 (trade paperback collection) | ||
| 020 | _a0763688290 (trade paperback collection) | ||
| 020 | _a9780763663889 (hardcover) | ||
| 020 | _a9780763664268 (paperback) | ||
| 020 | _a9780763663896 (hardcover) | ||
| 020 | _a9780763664206 (paperback) | ||
| 040 |
_aDLC _beng _cDLC _erda _dDLC |
||
| 050 | 0 | 0 | _aMLCS 2018/41790 (P) |
| 082 | _aFic | ||
| 100 | 1 |
_aMcDonald, Megan, _eauthor. |
|
| 245 | 1 | 0 |
_aStink : _bTwice as incredible / _cMegan McDonald ; illustrated by Peter H. Reynolds. |
| 246 | 3 | _aTwice as incredible | |
| 246 | 3 | _aStink : the incredible shrinking kid | |
| 246 | 3 | _aStink and the incredible super-galactic jawbreaker | |
| 250 | _aFirst trade edition. | ||
| 260 |
_aSomerville : _bCandlewick Press, _c2005. |
||
| 300 |
_a277 pages : _billustrations ; _c20 cm. |
||
| 490 | 0 |
_aStink ; _v#1 |
|
| 490 | 0 |
_aStink ; _v#2 |
|
| 505 | 0 | _aK | |
| 505 | 0 | _aStink : the incredible shrinking kid -- Stink and the incredible super-galactic jawbreaker. | |
| 520 | _aIncredible shrinking kid: The shortest kid in the second grade, James Moody, also known as Stink, learns about the shortest president of the United States, James Madison, when they celebrate Presidents' Day at schooland discovers candy companies will send him free samples if he writes letters to them. | ||
| 520 | _aIncredible super-galactic jawbreaker: Seven-year-old Stink Moody discovers that he can get free samples by writing letters to candy companies and plans a surprise for his best friend's birthday. | ||
| 521 |
_a540
_bLexile |
||
| 521 |
_aK
_bRaz-Plus |
||
| 700 | 1 |
_aReynolds, Peter H. _q(Peter Hamilton), _d1961- _eillustrator. |
|
| 906 |
_a7 _bcbc _corignew _d4 _encip _f20 _gy-gencatlg |
||
| 942 |
_2ddc _cBK _n0 |
||
| 999 |
_c596 _d596 |
||